000 00579nam a22002057a 4500
005 20230829103725.0
008 230824b ||||| |||| 00| 0 eng d
020 _a9789385439827
040 _aIN-DiNC
_cIN-DiNC
041 _dasm
082 _a301
_bSAI
100 _aSaikia, Jyotiprasad
_eauthor
245 _aSamajtattwar tattwa (Minor1)/
_cby Jyotiprasad Saikia and Krishnangi Dutta
250 _a1st ed.
260 _aJorhat:
_bBidya bhawan,
_c2023.
300 _a280p.
650 _aSociological perspectives
700 _aDutta, Krishnangi
_eauthor
942 _2ddc
_cBK
999 _c11593
_d11593